Do the doors open by magic? : (Record no. 103241)
[ view plain ]
| 000 -LEADER | |
|---|---|
| fixed length control field | 00580nam a2200169 a 4500 |
| 005 - DATE AND TIME OF LATEST TRANSACTION | |
| control field | 20140412111256.0 |
| 008 - FIXED-LENGTH DATA ELEMENTS--GENERAL INFORMATION | |
| fixed length control field | 000824s19uu xx 00 eng d |
| 020 ## - INTERNATIONAL STANDARD BOOK NUMBER | |
| International Standard Book Number | 1-895688-40-X |
| 050 ## - LIBRARY OF CONGRESS CALL NUMBER | |
| Classification number | M 381.148 |
| Item number | R56 1995 |
| 100 ## - MAIN ENTRY--PERSONAL NAME | |
| Personal name | Ripley, Catherine |
| 245 ## - TITLE STATEMENT | |
| Title | Do the doors open by magic? : |
| Remainder of title | and other supermarket questions / |
| Statement of responsibility, etc | by Catherine Ripley ; illustrated by Scot Ritchie. |
| 260 ## - PUBLICATION, DISTRIBUTION, ETC. (IMPRINT) | |
| Place of publication, distribution, etc | Toronto, Ontario : |
| Name of publisher, distributor, etc | Owl Books, |
| Date of publication, distribution, etc | 1995. |
| 300 ## - PHYSICAL DESCRIPTION | |
| Extent | 1 v. (unp.) ; ill. |
| 440 ## - SERIES STATEMENT/ADDED ENTRY--TITLE | |
| Title | Questions and Answer Storybook |
| 650 ## - SUBJECT ADDED ENTRY--TOPICAL TERM | |
| Topical term or geographic name as entry element | Supermarkets |
| General subdivision | Juvenile literature |
| Withdrawn status | Lost status | Damaged status | Use restrictions | Home library | Current library | Shelving location | Date acquired | Source of acquisition | Cost, normal purchase price | Total Checkouts | Full call number | Barcode | Date last seen | Price effective from | Koha item type |
|---|---|---|---|---|---|---|---|---|---|---|---|---|---|---|---|
| Elizalde Library | Elizalde Library | Main Section | 08/24/2000 | 304.00 | M 381.148 R56 1995 | E4050 | 04/12/2014 | 04/12/2014 | Books |